000 00572nam a22001937a 4500
003 OSt
005 20150529115548.0
008 150529b xxu||||| |||| 00| 0 eng d
020 _a0198551495
040 _aSEKU
050 0 0 _aQD451
_b.A8
100 1 0 _aAtkins, P. W.
245 1 0 _aSolutions manual physical chemistry /
_cP. W. Atkins.
260 _aOxford :
_bOxford University Press,
_cc1978.
300 _a556 p. :
_bill.
650 0 _bChemistry, Physical and theoretical
_xProblems, exercises, etc
650 0 _bChemistry
_xPhysical and theoretical.
942 _cGEN
_2lcc
999 _c2125
_d2125